<?xml version="1.0" encoding="UTF-8"?>
<record
    xmlns:xsi="http://www.w3.org/2001/XMLSchema-instance"
    xsi:schemaLocation="http://www.loc.gov/MARC21/slim http://www.loc.gov/standards/marcxml/schema/MARC21slim.xsd"
    xmlns="http://www.loc.gov/MARC21/slim">

  <leader>01391nam0a2200349   4500</leader>
  <controlfield tag="001">RU\NLR\BIBL_A\022781893</controlfield>
  <controlfield tag="005">20260426080823.0</controlfield>
  <datafield tag="010" ind1=" " ind2=" ">
    <subfield code="a">978-5-04-231052-2</subfield>
    <subfield code="9">3000</subfield>
  </datafield>
  <datafield tag="035" ind1=" " ind2=" ">
    <subfield code="a">(NLR Aleph) 022781893</subfield>
  </datafield>
  <datafield tag="090" ind1=" " ind2=" ">
    <subfield code="a">13697218</subfield>
    <subfield code="c">13697218</subfield>
  </datafield>
  <datafield tag="100" ind1=" " ind2=" ">
    <subfield code="a">20260410d2026    u  y0rusy50      ca</subfield>
  </datafield>
  <datafield tag="101" ind1="0" ind2=" ">
    <subfield code="a">rus</subfield>
  </datafield>
  <datafield tag="102" ind1=" " ind2=" ">
    <subfield code="a">RU</subfield>
  </datafield>
  <datafield tag="105" ind1=" " ind2=" ">
    <subfield code="a">a   z   000yy</subfield>
  </datafield>
  <datafield tag="181" ind1=" " ind2="0">
    <subfield code="a">i </subfield>
    <subfield code="b">axxe  </subfield>
  </datafield>
  <datafield tag="181" ind1=" " ind2="0">
    <subfield code="a">b2</subfield>
    <subfield code="b">bb2e  </subfield>
  </datafield>
  <datafield tag="182" ind1=" " ind2="0">
    <subfield code="a">n</subfield>
  </datafield>
  <datafield tag="200" ind1="1" ind2=" ">
    <subfield code="a">&#x413;&#x43E;&#x442;&#x43E;&#x432;&#x438;&#x43C; &#x432; &#x430;&#x44D;&#x440;&#x43E;&#x433;&#x440;&#x438;&#x43B;&#x435;</subfield>
    <subfield code="e">&#x431;&#x43E;&#x43B;&#x435;&#x435; 40 &#x431;&#x43B;&#x44E;&#x434; &#x43E;&#x442; &#x437;&#x430;&#x432;&#x442;&#x440;&#x430;&#x43A;&#x43E;&#x432; &#x434;&#x43E; &#x434;&#x435;&#x441;&#x435;&#x440;&#x442;&#x43E;&#x432;</subfield>
    <subfield code="f">[&#x433;&#x43B;&#x430;&#x432;&#x43D;&#x44B;&#x439; &#x440;&#x435;&#x434;&#x430;&#x43A;&#x442;&#x43E;&#x440;: &#x420;. &#x424;&#x430;&#x441;&#x445;&#x443;&#x442;&#x434;&#x438;&#x43D;&#x43E;&#x432;]</subfield>
  </datafield>
  <datafield tag="203" ind1=" " ind2=" ">
    <subfield code="a">&#x422;&#x435;&#x43A;&#x441;&#x442;</subfield>
    <subfield code="a">&#x418;&#x437;&#x43E;&#x431;&#x440;&#x430;&#x436;&#x435;&#x43D;&#x438;&#x435;</subfield>
    <subfield code="b">&#x432;&#x438;&#x437;&#x443;&#x430;&#x43B;&#x44C;&#x43D;&#x44B;&#x435;</subfield>
    <subfield code="c">&#x43D;&#x435;&#x43F;&#x43E;&#x441;&#x440;&#x435;&#x434;&#x441;&#x442;&#x432;&#x435;&#x43D;&#x43D;&#x44B;&#x435;</subfield>
  </datafield>
  <datafield tag="210" ind1=" " ind2=" ">
    <subfield code="a">&#x41C;&#x43E;&#x441;&#x43A;&#x432;&#x430;</subfield>
    <subfield code="c">&#x42D;&#x43A;&#x441;&#x43C;&#x43E;, &#x425;&#x43B;&#x435;&#x431;*&#x421;&#x43E;&#x43B;&#x44C;</subfield>
    <subfield code="d">2026 (&#x43F;&#x435;&#x447;. 2025)</subfield>
  </datafield>
  <datafield tag="215" ind1=" " ind2=" ">
    <subfield code="a">94, [1] &#x441;.</subfield>
    <subfield code="c">&#x446;&#x432;. &#x438;&#x43B;.</subfield>
    <subfield code="d">23</subfield>
  </datafield>
  <datafield tag="225" ind1="1" ind2=" ">
    <subfield code="a">&#x413;&#x430;&#x434;&#x436;&#x435;&#x442;&#x44B; &#x43D;&#x430; &#x43A;&#x443;&#x445;&#x43D;&#x435;</subfield>
    <subfield code="e">&#x43B;&#x435;&#x433;&#x43A;&#x438;&#x435; &#x438; &#x432;&#x43A;&#x443;&#x441;&#x43D;&#x44B;&#x435; &#x440;&#x435;&#x446;&#x435;&#x43F;&#x442;&#x44B;</subfield>
  </datafield>
  <datafield tag="333" ind1=" " ind2=" ">
    <subfield code="a">16+</subfield>
  </datafield>
  <datafield tag="606" ind1="1" ind2=" ">
    <subfield code="a">&#x410;&#x44D;&#x440;&#x43E;&#x433;&#x440;&#x438;&#x43B;&#x44C;</subfield>
    <subfield code="x">&#x41F;&#x440;&#x438;&#x43C;&#x435;&#x43D;&#x435;&#x43D;&#x438;&#x435; &#x432; &#x43A;&#x443;&#x43B;&#x438;&#x43D;&#x430;&#x440;&#x438;&#x438;</subfield>
    <subfield code="9">2203843</subfield>
    <subfield code="3">RU\NLR\AUTH\661324176</subfield>
  </datafield>
  <datafield tag="606" ind1="1" ind2=" ">
    <subfield code="a">&#x41A;&#x443;&#x43B;&#x438;&#x43D;&#x430;&#x440;&#x438;&#x44F;</subfield>
    <subfield code="x">&#x420;&#x435;&#x446;&#x435;&#x43F;&#x442;&#x443;&#x440;&#x430;</subfield>
    <subfield code="9">2080572</subfield>
    <subfield code="3">RU\NLR\AUTH\661256513</subfield>
  </datafield>
  <datafield tag="686" ind1="1" ind2=" ">
    <subfield code="a">&#x41B;990.2</subfield>
  </datafield>
  <datafield tag="686" ind1="1" ind2=" ">
    <subfield code="a">&#x41B;997</subfield>
  </datafield>
  <datafield tag="702" ind1=" " ind2="1">
    <subfield code="4">340</subfield>
    <subfield code="7">ca</subfield>
    <subfield code="8">rus</subfield>
    <subfield code="a">&#x424;&#x430;&#x441;&#x445;&#x443;&#x442;&#x434;&#x438;&#x43D;&#x43E;&#x432;</subfield>
    <subfield code="b">&#x420;.</subfield>
    <subfield code="g">&#x420;&#x430;&#x43C;&#x438;&#x43B;&#x44C;</subfield>
    <subfield code="9">221368</subfield>
    <subfield code="3">RU\NLR\AUTH\770221424</subfield>
  </datafield>
  <datafield tag="942" ind1=" " ind2=" ">
    <subfield code="c">BOOK</subfield>
  </datafield>
  <datafield tag="980" ind1=" " ind2=" ">
    <subfield code="a">NB</subfield>
  </datafield>
</record>
